| 000 | 00667nam a2200205 a 4500 | ||
|---|---|---|---|
| 005 | 20240924064015.0 | ||
| 008 | 030219s1994 es r 000 0 spa d | ||
| 020 | _a8432130451 | ||
| 035 | _aUPN01000122075 | ||
| 049 | _aCG | ||
| 050 | 4 |
_aLB1031 _bP7.6 |
|
| 245 | 0 | 0 |
_aProblemas y métodos de investigación en educación personalizada / _cVíctor García Hoz ... [et al.]. |
| 260 |
_aMadrid : _bRialp, _c1994. |
||
| 300 | _a571 p. | ||
| 440 | 0 |
_aTratado de educación personalizada ; _v5 |
|
| 650 | 4 |
_aEnseñanza individualizada _96835 |
|
| 650 | 4 |
_aEducación _xInvestigación _94070 |
|
| 700 | 1 |
_aGarcía Hoz, Víctor, _d1911-1998 _ecoaut. _930236 |
|
| 905 | _aLibro | ||
| 999 |
_c94276 _d94276 |
||